Signal and Systems (Record no. 11336)

MARC details
000 -LEADER
fixed length control field 00397nam a22001697a 4500
003 - CONTROL NUMBER IDENTIFIER
control field OSt
008 - FIXED-LENGTH DATA ELEMENTS--GENERAL INFORMATION
fixed length control field 220613b ||||| |||| 00| 0 eng d
020 ## - INTERNATIONAL STANDARD BOOK NUMBER
International Standard Book Number 9354243150
082 ## - DEWEY DECIMAL CLASSIFICATION NUMBER
Classification number 621.38043 HAS
100 ## - MAIN ENTRY--PERSONAL NAME
Personal name HAYKIN, Simon
245 ## - TITLE STATEMENT
Title Signal and Systems
250 ## - EDITION STATEMENT
Edition statement 2nd
260 ## - PUBLICATION, DISTRIBUTION, ETC. (IMPRINT)
Place of publication, distribution, etc New Delhi
Name of publisher, distributor, etc Wiley India Pvt.Ltd
Date of publication, distribution, etc 2021
300 ## - PHYSICAL DESCRIPTION
Extent 2nd
700 ## - ADDED ENTRY--PERSONAL NAME
Personal name VEEN, Barry Van
942 ## - ADDED ENTRY ELEMENTS (KOHA)
Source of classification or shelving scheme Dewey Decimal Classification
Koha item type Text Books
Holdings
Withdrawn status Lost status Source of classification or shelving scheme Damaged status Not for loan Collection code Home library Current library Date acquired Source of acquisition Currency Cost, normal purchase price Bill Number Total Checkouts Full call number Acc. no. / Barcode Date last seen Actual Cost, discounted price Bill Date Koha item type
    Dewey Decimal Classification     B.Tech(ECE) PIET C-LIBRARY PIET C-LIBRARY 30/05/2022 Gabd Books Indian Rup 859.00 203   621.38043 HAS 33686 13/06/2022 592.71 30/05/2022 Text Books

Design & Developed by: PIET Central Library
R70 Miles Stone Pattikalyana Samalkha Panipat 132102
mail ID :- [email protected], Phone No:- 0180-2569700 Ex.216